| 000 | 005340000a22001810004500 | ||
|---|---|---|---|
| 003 | MACL | ||
| 005 | 20160221132813.0 | ||
| 008 | 160221b xxu||||| |||| 00| 0 eng d | ||
| 040 |
_aMACL _cMACL |
||
| 041 | _aHindi | ||
| 082 | _a380 | ||
| 100 |
_aआर सी अग्रवाल _939462 |
||
| 245 | _aविक्रयकला विज्ञापन एवं विपणन | ||
| 260 |
_bकिताब घर _c1982 _aग्वालियर |
||
| 350 | _a25 | ||
| 650 |
_aCommerce _939463 |
||
| 942 |
_cHIN _k380 _2ddc |
||
| 999 |
_c28220 _d28220 |
||